Responses for show #3797 - Tuesday, February 20, 2001

Contestants

Gary Laing, a musician from Spokane, Washington

Mary Beth Jones, an attorney from Bowie, Maryland

Mark Stacy, a newspaper copy editor from Morgantown, West Virginia (whose 4-day cash winnings total $18,500)

Jeopardy! Round responses

FEBRUARY DATEBOOK
(Alex: How appropriate!)
TREES
BET
(Alex: Black Entertainment Television.)
WOMEN AUTHORS
NANOOK'S WORLD
IT'S A "DOG"s LIFE
    $100 2
Charles Lindbergh

Mark
    $100 12
apples

Gary
    $100 26
gospel

Mary Beth
    $100 11
Anne Rice

Gary
    $100 16
igloos

Mark
    $100 1
dogfight

Gary
    $200 3
Mormons

Mark
    $200 13
cherry blossom

Mary Beth
    $200 27
(Mark: What is United Nations Children's Fund?)

the United Negro College Fund

MarkMary Beth
    $200 14
Toni Morrison

Mary Beth
    $200 17
a kayak

Gary
    $200 4
the doghouse

Mark
    $300 8
Egypt & Israel

Gary
    $300 21
the buckeye

Mark
    $400 28
Marion Barry

Mary Beth
    $300 15
J.K. Rowling

Mark
    $300 18
(Gary: What are sea lions?)
(Mary Beth: What are walruses?)

seals

Mary BethGary
Triple Stumper
    $300 5
dog paddle

Mark
    $400 9
(Gary: What is the U.S. Congress?)

U.S. Supreme Court

Mary BethGary
    $400 22
(Gary: What are dandelions?)

the cottonwood

Mary BethGary
    $400 29
Herbie Hancock

Triple Stumper
    $400 23
Judith Krantz

Mary Beth
    $400 19
(Mary Beth: What is Baffin Island?)

Greenland

MarkMary Beth
    $400 6
underdog

Mary Beth
    $500 10
Samuel Pepys

Mary Beth
    $500 25
Magnolia

Mary Beth
    $500 30
(Mary Beth: Who is Martin Lawrence?)

Jamie Foxx

Mary Beth
Triple Stumper
    $500 24
Anne Bronte

Mary Beth
    $500 20
mukluks

Mark
    $500 7
doggerel

Mark

Scores at the first commercial break (after clue 15):

Mark Mary Beth Gary
$1,600 $1,700 $200

Scores at the end of the Jeopardy! Round:

Mark Mary Beth Gary
$2,700 $3,000 -$300

Double Jeopardy! Round responses

THE WESTERN HEMISPHERE
ACTORS & THEIR ROLES
TRANSPORTATION
GHASTLY OPERATIC DEMISES
(Alex: Aren't they all?)
WHAT GIVES YOU THE RIGHT?
THE NEW YORK TIMES CROSSWORD CLUES "S"
    $200 14
Formosa

Mark
    $200 13
The West Wing

Gary
    $200 8
Black

Gary
    $200 18
Salome

Mary Beth
    $200 1
First

Mary Beth
    $200 6
seen

Mary Beth
    $400 15
Costa Rica

Mary Beth
    $400 16
Ed

Gary
    $400 9
(G: What is the baggage compartment?)
(Mary Beth: What is the storage compartment?)
(Alex: And boy, was he cold when he arrived here!)

Wheel well

MarkMary BethGary
    $400 19
A poisonous plant

Triple Stumper
    $400 2
Second

Gary
    $400 7
sent

Gary
    $500 26
(Mary Beth: What is the Seine?)
(buzzer sounds)

St. Lawrence

Mary Beth
    $600 23
The Wizard of Oz

Mary Beth
    $600 17
Amphibious

Mary Beth
    $600 20
Oil

Mary Beth
    $600 3
Jury

Gary
    $600 10
slip

Mary Beth
    $800 24
Courage Under Fire

Triple Stumper
    $800 21
Oranges

Triple Stumper
    $700 4
District of Columbia (Washington, D.C.)

Gary
    $800 11
sets

Mary Beth
    $1000 25
Mack Sennett

Triple Stumper
    $1000 22
(Mary Beth: Who is Tchaikovsky?)
...
(Alex: Less than a minute to go.)

Modest Mussorgsky

Mary Beth
Triple Stumper
    $1000 5
Race or color

Mary Beth
    $1000 12
species

Mary Beth

Scores at the end of the Double Jeopardy! Round:

Mark Mary Beth Gary
$3,300 $7,300 $2,200
(lock game)

[wagering suggestions for these scores]

Final Jeopardy! Round responses

U.S. PRESIDENTS
GaryWho are G. Washington & T. Jefferson
$2,200
MarkWho are FDR and Teddy Roosevelt?
$1,200
Mary BethWho is George Washington?
$300
Chester Arthur, Theodore Roosevelt and/or George Washington

Final scores:

Mark Mary Beth Gary
$2,100 $7,000 $0
2nd place: Trip to Amsterdam courtesy of Priceline.com New champion: $7,000 3rd place: bikeshop.com Gift Certificate

Game dynamics:

Coryat scores:

Mark Mary Beth Gary
$3,300 $7,700 $2,300
12 R,
1 W
23 R
(including 1 DD),
6 W
(including 1 DD)
12 R
(including 1 DD),
4 W

Combined Coryat: $13,300

The J! Archive is created by fans, for fans. The Jeopardy! game show and all elements thereof, including but not limited to copyright and trademark thereto, are the property of Jeopardy Productions, Inc. and are protected under law. This website is not affiliated with, sponsored by, or operated by Jeopardy Productions, Inc. Join the discussion at JBoard.tv.